00470nam a2200133 a 450000500170000000800410001705000180005810000190007624500600009526000370015544000270019299900190021995200980023820140414131915.0100915s19uu xx 00 eng d aFICbP91 2004 aPreller, James aThe case of the missing falcon :bSuper special book 3. aNew York :bScholastic ,c2004. aA Jigsaw Jones Mystery c111416d111416 001040aMUbMUcFICd2010-09-15l0oFIC P91 2004pM2133r2014-04-14 00:00:00w2014-04-14yBK